00686 2200229 4500001002100000005001700021008004100038035002400079082001200103090001900115100002500134245007600159260008000235300002000315500002700335650003000362700001600392850001200408980001500420985000600435999001500441YOGYA-0209000005083420090227032555.0 ind  0010-020900000050834 a899.223 a899.223bPur S aPURWASUWIGNYA, Raden aSERAT LebdatamacOleh : Raden Purwasuwignya ; alih aksara ; Sudibjo Z.H aJakartabDepdikbud Proyek Penerbitan Buku Sastra Indonesia dan Daerahc1980 a...Jilidc21 cm aYang diterima : Jil. 2 aKesasteraan Jawa - Cerita aSudibjo Z.H aYOPDYOG a09-01-2008 a1 aa000058076